00895 2200289 4500001002100000005001700021008004100038035002400079090001800103100004700121245012900168260003400297300002000331500002600351650005400377700002400431700002100455700002000476850001500496980001300511985000600524999001500530999001500545999001500560999001500575999001500590YOGYA-0209000002736420090227024133.0 ind  0010-020900000027364 a352bInd HlR aINDONESIA [Undang-undang, peraturan, dsb.] aHimpunan peraturan-peraturan tentang pemerintah daerah di IndonesiacSoewarno Hadiatmodjo, B. Mang Reng Say, Soejono Hartojo aJakartabMega Bookstorec1963 a... Bukuc17 cm aYang diterima : Bk. 1 aPemerintahan daerah - Undang-undang dan peraturan aHadiatmojo, Suwarno aMang Reng Say, B aHartoyo, Suyono aYOPDYOG(B) a13-03-07 a5 a06A0020545 a06A0020546 a06A0020547 a06A0020548 a06A0020549